Pesticide index: An index of chemical, common and trade names of pesticides and related crop protection products (Record no. 40101)

MARC details
000 -LEADER
fixed length control field 00380nam a2200109Ia 4500
082 ## - DEWEY DECIMAL CLASSIFICATION NUMBER
Classification number 632.95:014.3
Item number ROY
245 #0 - TITLE STATEMENT
Title Pesticide index: An index of chemical, common and trade names of pesticides and related crop protection products
260 ## - PUBLICATION, DISTRIBUTION, ETC. (IMPRINT)
Place of publication England
Name of publisher Royal Society of Chemistry
Year of publication 1988
650 ## - SUBJECT ADDED ENTRY--TOPICAL TERM
Topical Term Pesticide index
942 ## - ADDED ENTRY ELEMENTS (KOHA)
Koha item type Books
Holdings
Withdrawn status Lost status Damaged status Not for loan Home library Current library Date acquired Full call number Accession Number Koha item type
        RRII Library RRII Library 16/12/2021 632.95:014.3 ROY 20415 Books